000 02498cam a2200433 a 4500
001 16738492
003 BJBSDDR
005 20250808115014.0
007 ta
008 110416s2011 njua b 001 0 eng d
010 _a 2011381075
015 _aGBA996650
_2bnb
016 7 _a015385210
_2Uk
020 _a9780470317242 (pbk.)
020 _a0470317248 (pbk.)
035 _a(OCoLC)ocn455804095
040 _aUKM
_cUKM
_dBWX
_dC#P
_dYDXCP
_dBTCTA
_dUKMGB
_dCDX
_dEUM
_dDLC
_beng
041 _aeng
042 _alccopycat
050 1 4 _aHF 5415.13
_bA113s 2011
082 0 0 _a658.8
100 1 _aAaker, David A
_942864
245 1 0 _aStrategic market management /
_cDavid A. Aaker.
250 _a9th edition
260 _aHoboken, NJ :
_bWiley,
_cc2011.
300 _aix, 341 pages :
_billustrations ;
_c23 cm.
500 _aPrevious edition: 2008
504 _aIncludes bibliographical references and index.
505 0 _aChapter 1 Strategic Market Management: An Overview Part I STRATEGIC ANALYSIS Chapter 2 External and Customer Analysis Chapter 3 Competitor Analysis Chapter 4 Market/Submarket Analysis Chapter 5 Environmental Analysis and Strategic Uncertainty Chapter 6 Internal Analysis Part II CREATING AND IMPLEMENTING STRATEGIES Chapter 7 Creating Advantage: Synergy and Commitment vs. Opportunism vs. Adaptability Chapter 8 Alternative Value Propositions Chapter 9 Building and Managing Brand Equity Chapter 10 Energizing the Business Chapter 11 Leveraging the Business Chapter 12 Creating New Businesses Chapter 13. Global Strategies Chapter 14 Setting priorities for Businesses and brands The Exit, Milk, and Consolidate Options Chapter 15 From Silos to Synergy Harnessing the Organization Hobart Dove Competing Against Wal-Mart Contemporary Art Sony vs. iPod
520 8 _aRelevant to strategic management courses as well as market management, this textbook synthesises literature in the field of strategy and can be used at both the undergraduate and MBA levels. This edition provides greater emphasis on external market analysis, including the value proposition, product category analysis, and more.
650 0 _aMarketing
_xManagement.
650 0 _aStrategic planning.
650 4 _aAdministración de mercadeo
_9796
650 4 _aMercadeo
_9795
650 4 _aPlanificación estratégica
_9535
906 _a7
_bcbc
_ccopycat
_d2
_encip
_f20
_gy-gencatlg
942 _2lcc
_cBK
999 _c123942
_d123942